| 000 | 00395nam a2200133Ia 4500 | ||
|---|---|---|---|
| 008 | 210430s9999 xx 000 0 und d | ||
| 020 | _a81-85589-54-2 | ||
| 082 | _a620.5 K9626 N | ||
| 100 |
_aSulabha K.Kulkarni _954232 |
||
| 245 |
_aNanotechnology Principles and practices _cSulabha K.Kulkarni |
||
| 260 |
_aNew Delhi _bCapital Publishing Company _c2011 |
||
| 300 | _a315p. | ||
| 942 |
_cBK _2ddc |
||
| 999 |
_c564719 _d564719 |
||